Responses for show #3705 - Friday, October 13, 2000

Contestants

[<< previous game]

Lacey Wootton-Don, a college writing instructor from Alexandria, Virginia

Brian Frates, an actor and comedian from Boston, Massachusetts

David Tepper, an attorney from Richmond, Virginia (whose 2-day cash winnings total $16,501)

[next game >>]

Jeopardy! Round responses

AMERICAN NOVELISTS
NFL HOME STADIUMS
(Alex: You have to name the team.)
WHILE JOHN PAUL I WAS POPE
(Alex: It was only 34 days.)
SIMILES
YOU'VE GOT...
"E" MALE
    $100 7
Mark Twain

David
    $100 6
Denver Broncos

Lacey
    $100 8
Camp David

David
    $100 26
With its head cut off

Lacey
    $100 1
Rabies

Lacey
    $100 21
Erik Estrada

Lacey
    $200 16
Nathaniel Hawthorne

Brian
    $200 12
New Orleans Saints

Brian
    $200 9
(L: Who is Larry Holmes?)

Muhammad Ali

DavidLacey
    $200 27
A box of chocolates

Lacey
    $200 2
(L: What is rickets?)

Scurvy

DavidLacey
    $200 22
Johnny Evers

David
    $300 17
F. Scott Fitzgerald

Brian
    $300 13
Kansas City Chiefs

Brian
    $300 10
Ralph Nader

David
    $300 28
Your sister

Brian
    $300 3
Trichinosis

Lacey
    $300 23
Leif Ericson

Lacey
    $400 18
Sinclair Lewis

Lacey
    $400 14
Minnesota Vikings

Brian
    $400 11
Flushing Meadow

Brian
    $400 29
(L: What is flat?)

Thick

DavidLacey
    $400 4
Narcolepsy

Brian
    $400 24
Clint Eastwood

Brian
    $500 19
Theodore Dreiser

Brian
    $500 15
Arizona Cardinals

Brian
    $500 20
Iceland

Brian
    $500 30
Crutch

Lacey
    $500 5
(Alex: You've got it!)
(B: I hope not!)

Cirrhosis

Brian
    $500 25
Thomas Eagleton

Triple Stumper

Scores at the first commercial break (after clue 15):

David Brian Lacey
$900 $2,700 $100

Scores at the end of the Jeopardy! Round:

David Brian Lacey
$1,500 $4,900 $1,300

Double Jeopardy! Round responses

GETTYSBURG ADDRESSES
BROADWAY
SEEING STARS
MIDDLE NAMES
DIPLOMACY
"I" SPY
    $200 25
1776

Brian
    $200 22
"Copenhagen"

David
    $200 9
Pegasus

David
    $200 29
David

Lacey
    $200 30
Accord

Lacey
    $200 1
Invitation

David
    $400 28
Robert E. Lee

Triple Stumper
    $400 24
"Fosse"

Lacey
    $400 13
Orion

David
    $400 17
Craig T. Nelson

David
    $400 27
Detente

David
    $400 4
Incan Empire

Brian
    $5,000 26
(B: Who is Benjamin Harrison?)

Dwight D. Eisenhower

Brian
    $600 23
Anton Chekhov

Brian
    $4,000 14
Helium & hydrogen

David
    $600 15
Peter

Brian
    $600 18
General

Brian
    $600 5
Ian

David
    $800 20
Samuel Colt

Brian
    $800 21
Antonio Salieri

Lacey
    $800 12
Ptolemy

Lacey
    $800 16
(B: What is Ray?)

Jim Guy Tucker

Brian
Triple Stumper
    $800 19
Protocol

David
    $800 6
Isiah Thomas

David
    $1000 8
(B: What is Cemetery?)

Seminary

DavidBrian
    $1000 11
Lillian Hellman

Triple Stumper
    $1000 10
Edmond Halley

David
    $1000 3
Frederick Law Olmsted

Lacey
    $1000 7
(B: What are legates?)

Nuncios

Brian
Triple Stumper
    $1000 2
Iberian Peninsula

David

Scores at the end of the Double Jeopardy! Round:

David Brian Lacey
$12,500 $300 $4,700
(lock game)

[wagering suggestions for these scores]

Final Jeopardy! Round responses

ORGANIZATIONS
BrianWhat is the ?
$300
LaceyWhat is ?
$100
DavidWhat is the Park Ave. Society?
$3,099
Community Chest

Final scores:

David Brian Lacey
$9,401 $0 $4,600
3-day champion: $25,902 3rd place: Outdoor Products Travel & Camping Gear 2nd place: Trip to the Inns at Mill Falls, New Hampshire

Game dynamics:

Coryat scores:

David Brian Lacey
$9,100 $5,300 $4,700
20 R
(including 1 DD),
0 W
19 R
(including 1 DD),
4 W
(including 1 DD)
15 R,
3 W

Combined Coryat: $19,100

The J! Archive is created by fans, for fans. The Jeopardy! game show and all elements thereof, including but not limited to copyright and trademark thereto, are the property of Jeopardy Productions, Inc. and are protected under law. This website is not affiliated with, sponsored by, or operated by Jeopardy Productions, Inc. Join the discussion at JBoard.tv.